000 00557nam a2200193Ia 4500
008 140626s9999 xx 000 0 und d
100 _aBruder, Gerald.
245 _aHeterogeneity of auditory verbal working memory in schizophrenia /
_cGerald Bruder ... [et al.].
260 _cc2011.
300 _a120 : 1, page 88
440 _aJournal of Abnormal Psychology
521 _aPSYCH
650 _aAttention.
650 _aAuditory perception.
650 _aHallucinations.
650 _aSchizophrenia.
650 _aWorking memory.
942 _cSE
999 _c121264
_d121264